| 000 | 00440nam a2200157 i 4500 | ||
|---|---|---|---|
| 001 | 67813 | ||
| 003 | ES-MaACL | ||
| 005 | 20230906170143.0 | ||
| 007 | t| | ||
| 008 | 040206s1972 sp ||||1| spa d | ||
| 100 | 1 |
_aGallardo, José Carlos. _953484 |
|
| 245 | 1 | 4 |
_aLos días que pasan / _cJosé Carlos Gallardo. |
| 260 |
_aLeón : _b[s.n., _c1972] ( _fImp. Provincial) |
||
| 300 |
_a110 p. ; _c20 cm. |
||
| 852 |
_aES-MaACL _jC-43173 _bR.81606 |
||
| 999 |
_c67813 _d67813 |
||